000 00705nam a2200193 a 4500
001 000034480
005 20200930073726.0
008 111005s2009 mx a 000 0 spa d
020 _a9786079513801
040 _aDO-SdBNP
_bspa
_cBNPHU
082 _axxx
_bT95e
100 1 _aTurrent Díaz, Eduardo
_959920
245 1 0 _aEstatización bancaria en México :
_bantecedentes, causas y consecuencias /
_cEduardo Turrent Díaz.
260 _aMéxico :
_bCentro de Estudios Espinosa Yglesias,
_c2009.
300 _a465 p. :
_bgraf. ;
_c24 cm.
500 _aIncluye datos biográficos del autor en la solapa de la cubierta
500 _aIncluye notas al pie de las páginas
504 _aBibliografía : p. 447-464
999 _c33971
_d33971